000 00262nam a2200121Ia 4500
008 190216s9999||||xx |||||||||||||| ||und||
100 _aBoulind
245 0 _aHeat And Light
260 _bJohn Murrary
_c1962
300 _a368p
650 _aPhysics
942 _cBK
999 _c32729
_d32729